Nové trendy v rádiolokácii zborník príspevkov : 3. Medzinárodný workshop, 10. jún 2003 Liptovský Mikuláš

Podrobná bibliografia
Korporácia: Nové trendy v rádiolokácii Liptovský Mikuláš, Slovensko (Autor), Vojenská akadémia v Liptovskom Mikuláši. Fakulta protivzdušnej obrany. Katedra rádiolokácie a automatizácie (orz)
Médium: Elektronický zdroj Konferenčný príspevok
Jazyk:slovenčina
Fyzický popis:1 elektronický optický disk (CD-ROM)
Vydavateľské údaje: Liptovský Mikuláš Vojenská akadémia 2003
ISBN:8080402019
Predmet:

MARC

LEADER 00000nmm a2200000 a 4500
001 vtls001462650
003 SK-MaSNL
005 20260302002457.0
008 160211s2003 xo va 0 slo
015 |a SNBS2003/04-02271 
020 |a 8080402019 
035 |a SNK000417956 
040 |a SNK  |b slo  |c SNK  |e AACR2 
043 |a e-xo--- 
044 |a xo  |c SK 
072 7 |a 62  |x Technika všeobecne  |2 konspekt 
072 7 |a 378  |2 konspekt 
080 |a 621.396.967  |2 1981 
080 |a 378.147.34  |2 1981 
080 |a (0.034.4)  |2 1981 
080 |a (063)  |2 1981 
111 1 |a Nové trendy v rádiolokácii  |n (3. :  |d 2003 :  |c Liptovský Mikuláš, Slovensko)  |4 aut  |9 247344 
245 1 |a Nové trendy v rádiolokácii  |h elektronický zdroj  |b zborník príspevkov : 3. Medzinárodný workshop, 10. jún 2003 Liptovský Mikuláš 
256 |a Elektronické dokumenty 
260 |a Liptovský Mikuláš  |b Vojenská akadémia  |c 2003 
300 |a 1 elektronický optický disk (CD-ROM) 
650 0 7 |a rádiolokácia  |2 SNKPH  |9 69848 
650 0 7 |a zborníky  |2 SNKPH  |9 108488 
655 7 |a CD-ROM  |2 SNKPH  |9 70236 
655 7 |a zborníky konferencií  |2 SNKPH  |9 70153 
710 2 |a Vojenská akadémia v Liptovskom Mikuláši.  |b Fakulta protivzdušnej obrany.  |b Katedra rádiolokácie a automatizácie  |4 orz  |9 217981 
919 |a 80-8040-201-9 
999 |c 988200  |d 990130 
952 |t P60, <03>, [AUDIO], {603}  |a SNK  |b SNK  |y PREZ  |7 0  |p 17A0395433  |o snkSCDM 357  |i snkJK 659/2003  |0 0  |1 0  |4 0  |d 2003-11-04  |l 0  |r 2005-01-02 00:00:00  |w 2026-02-24